000 00413nam a22001697a 4500
005 20160614122701.0
008 160614b xxu||||| |||| 00| 0 eng d
020 _a81-203-1138-8
041 _aeng
082 _b7443
100 _aNarasimhan, Sectharame L and others
_91884
245 _aProduction Planning and Inventory Control
260 _bPHI
300 _a706
650 _aManagement
_9241
942 _cBK
999 _c2650
_d2649